İslam iktisat düşüncesinin değişimi (18. yüzyıl) : (Record no. 65273)
| 000 -BAŞLIK | |
|---|---|
| Sabit Uzunluktaki Kontrol Alanı | 01471nam a22004217a 4500 |
| 001 - KONTROL NUMARASI | |
| Control Dosyası | 0065022 |
| 003 - KONTROL NUMARASI KİMLİĞİ | |
| Kontrol Alanı | KOHA_MİRAKIL |
| 005 - EN SON İŞLEM TARİHİ ve ZAMANI | |
| Kontrol Alanı | 20260207004539.0 |
| 007 - FİZİKSEL TANIM SABİT ALAN - GENEL BİLGİ | |
| Sabit uzunluklu kontrol alanı | ta |
| 008 - SABİT UZUNLUKTAKİ VERİ ÖGELERİ - GENEL BİLGİ | |
| Sabit Alan | 191120b2017 tu |||gr||||#0|||0|tur | |
| 020 ## - ISBN - ULUSLARARASI STANDART KİTAP NUMARASI | |
| Isbn | 9786056790010 |
| 040 ## - KATALOGLAMA KAYNAĞI | |
| Özgün Kataloglama Kurumu | TR-BiSEU |
| Kataloglama Dili | tur |
| Çeviri Kurumu | TR-BiSEU |
| Açıklama Kuralları | rda |
| 041 0# - DİL KODU | |
| Metin ya da ses kaydının dil kodu | tur |
| 044 ## - YAYINLAYAN/ÜRETEN KURULUŞUN ÜLKE KODU | |
| ISO country code | tu |
| 050 ## - SINIFLAMA ve YER NUMARASI | |
| Sınıflama Numarası | BP173.75 |
| Yer Numarası | .I85 2017 |
| 100 1# - KİŞİ ADI | |
| Yazar Adı (Kişi adı) | Islahi, Abdul Azim. |
| 245 1# - ESER ADI BİLDİRİMİ | |
| Başlık | İslam iktisat düşüncesinin değişimi (18. yüzyıl) : |
| Alt Eseradı vb. | Şah Veliyullah Dihlevi'ye özel vurgu ile/ |
| Sorumluluk Bildirimi | Abdul Azim Islahi ; Abdul Azim Islahi ; Çeviren Hümeyra Doruk Keskin. |
| 250 ## - BASIM BİLDİRİMİ | |
| Basım Bildirimi | 1. bs. |
| 264 #1 - ÜRERİM, YAYIN, DAĞITIM ve TELİF BİLDİRİMİ | |
| Yayın yeri | İstanbul : |
| Yayınlayan | İktisat Yayınları |
| Yayın tarihi | 2017 |
| 300 ## - FİZİKSEL TANIMLAMA | |
| Sayfa, Cilt vb. | 150 s. ; |
| Boyutları | 20 cm. |
| 336 ## - İÇERİK TÜRÜ | |
| Content type term | metin |
| Content type code | txt |
| Source | rdacontent |
| 337 ## - MEDYA TÜRÜ | |
| Media type term | aracısız |
| Media type code | n |
| Source | rdamedia |
| 338 ## - TAŞIYICI TÜRÜ | |
| Carrier type term | cilt |
| Carrier type code | nc |
| Source | rdacarrier |
| 490 1# - DİZİ BİLDİRİMİ | |
| Dizi Bildirimi | İktisat Yayınları ; |
| Cilt Numarası | 10. |
| 490 1# - DİZİ BİLDİRİMİ | |
| Dizi Bildirimi | İktisat Tarihi Dizisi ; |
| Cilt Numarası | 4 |
| 500 ## - GENEL NOT | |
| Genel Not | Kaynakça ve dizin var. |
| 500 ## - GENEL NOT | |
| Genel Not | Özgün eser adı : Islamic economic thinking in the 12th. |
| 650 #0 - KONU BAŞLIĞI EK GİRİŞ - KONU TERİMİ | |
| Konusal terim veya coğrafi ad | Ekonomi--Dini açıdan İslam. |
| 9 (RLIN) | 121379 |
| 650 #0 - KONU BAŞLIĞI EK GİRİŞ - KONU TERİMİ | |
| Konusal terim veya coğrafi ad | Economics--Religious aspects--Islam. |
| 9 (RLIN) | 8928 |
| 650 #0 - KONU BAŞLIĞI EK GİRİŞ - KONU TERİMİ | |
| Konusal terim veya coğrafi ad | Para (İslam hukuku). |
| 9 (RLIN) | 121380 |
| 650 #0 - KONU BAŞLIĞI EK GİRİŞ - KONU TERİMİ | |
| Konusal terim veya coğrafi ad | Money (Islamic law). |
| 9 (RLIN) | 121381 |
| 650 #0 - KONU BAŞLIĞI EK GİRİŞ - KONU TERİMİ | |
| Konusal terim veya coğrafi ad | İslam--Ekonomik yönleri. |
| 9 (RLIN) | 78255 |
| 650 #0 - KONU BAŞLIĞI EK GİRİŞ - KONU TERİMİ | |
| Konusal terim veya coğrafi ad | Islam--Economic aspects. |
| 9 (RLIN) | 8929 |
| 830 1# - SERİ EK GİRİŞİ - TEKBİÇİM ESER ADI | |
| Tekbiçim Başlık | İktisat Yayınları ; |
| Volume number/sequential designation | 10. |
| 9 (RLIN) | 121382 |
| 830 1# - SERİ EK GİRİŞİ - TEKBİÇİM ESER ADI | |
| Tekbiçim Başlık | İktisat Tarihi Dizisi ; |
| Volume number/sequential designation | 4 |
| 9 (RLIN) | 121383 |
| 907 ## - LOCAL DATA ELEMENT G, LDG (RLIN) | |
| a | Din |
| 942 ## - EK GİRİŞ ÖGELERİ (KOHA) | |
| Source of classification or shelving scheme | Library of Congress Classification |
| Koha item type | Book |
| Materyal Türü | Kalıcı Konum | Mevcut Konum | Raf Yeri | Sınıflandırma Kaynağı | Edinim Bilgisi | Ana Konular | Alt Konular | Yer Numarası | Demirbaş Numarası | Fatura Tarihi | Geri Çekilme Durumu | Kayıp Durumu | Hasarlı Durumu | Kredi için değil | Kayıt Tarih | Toplam Ödünçverme | Son Görülme Tarihi | Son Kontrol Tarihi |
|---|---|---|---|---|---|---|---|---|---|---|---|---|---|---|---|---|---|---|
| Book | Prof. Dr. Azmi Özcan Kütüphanesi | Prof. Dr. Azmi Özcan Kütüphanesi | Uluğbey Salonu | Library of Congress Classification | Satın | FELSEFE, PSİKOLOJİ, DİN | İslam, Bahailik, Teozofi vb. | BP173.75 .I85 2017 | 0065022 | 02/02/2026 | 20/11/2019 | 05/03/2025 | 05/03/2025 |
